[Event "Volme op-C"]
[Site "Schalksmuehle"]
[Date "2007.08.25"]
[Round "2"]
[White "Tesche, Wolfram"]
[Black "Galicki, Ryszard"]
[Result "0-1"]
[WhiteElo "1886"]
[BlackElo "1882"]
[PlyCount "76"]
[EventDate "2007.08.24"]
[EventType "tourn"]
[EventRounds "5"]
[EventCountry "GER"]
[SourceTitle "EXT 2009"]
[Source "ChessBase"]
[SourceDate "2008.11.26"]
[SourceVersion "1"]
[SourceVersionDate "2008.11.26"]
[SourceQuality "1"]

1. Nf3 c5 2. e4 g6 3. g3 Nc6 4. Bg2 Bg7 5. 0-0 d6 6. c3 Bg4 7. h3 Bxf3 8. Bxf3 e5 9. Bg2 Nge7 10. d3 0-0 11. Nd2 Kh8 12. Nf3 Qd7 13. Be3 f5 14. Qd2 f4 15. gxf4 exf4 16. Bxf4 Ne5 17. Nxe5 dxe5 18. Be3 b6 19. Rad1 Nc6 20. Qe2 Qe6 21. b3 Rad8 22. Qg4 Qd6 23. Bg5 Rd7 24. h4 h5 25. Qg3 Kh7 26. Bf3 Nd8 27. Bg2 Ne6 28. Bh3 Nxg5 29. hxg5 Rdf7 30. f3 Rf4 31. Rf2 b5 32. Bg2 b4 33. cxb4 cxb4 34. Rc2 h4 35. Qf2 Qe7 36. Bh1 Qxg5+ 37. Qg2 Qh5 38. Qh3 Rxf3 0-1

[Event "Volme op-C"]
[Site "Schalksmuehle"]
[Date "2007.08.24"]
[Round "1"]
[White "Tesche, Wolfram"]
[Black "Robotka, Matthias"]
[Result "1-0"]
[WhiteElo "1886"]
[BlackElo "1844"]
[PlyCount "65"]
[EventDate "2007.08.24"]
[EventType "tourn"]
[EventRounds "5"]
[EventCountry "GER"]
[SourceTitle "EXT 2009"]
[Source "ChessBase"]
[SourceDate "2008.11.26"]
[SourceVersion "1"]
[SourceVersionDate "2008.11.26"]
[SourceQuality "1"]

1. e4 d6 2. d4 Nf6 3. Nc3 g6 4. Be3 Bg7 5. f3 0-0 6. Qd2 e5 7. Nge2 Nc6 8. d5 Ne7 9. 0-0-0 a6 10. g4 h5 11. gxh5 Nxh5 12. Bh6 Kh7 13. Bxg7 Kxg7 14. Ng3 Rh8 15. Nxh5+ Rxh5 16. h4 Ng8 17. Qf2 Qf6 18. Be2 Qf4+ 19. Kb1 b5 20. a3 Rb8 21. Bd3 b4 22. Ne2 Qf6 23. axb4 Rxb4 24. Rdf1 Qe7 25. c3 Rb6 26. f4 f6 27. Ng3 Rh8 28. f5 gxf5 29. Nxf5+ Bxf5 30. Qxf5 Rh6 31. Rfg1+ Kf7 32. Be2 Rh8 33. Bh5+ 1-0

[Event "Verbandsliga 0405"]
[Site "Schalksmuehle"]
[Date "2005.02.13"]
[Round "6"]
[White "Tesche, Wolfram"]
[Black "Brandenburg, Peter"]
[Result "0-1"]
[WhiteElo "1882"]
[BlackElo "1939"]
[PlyCount "104"]
[EventDate "2004.10.31"]
[EventType "team"]
[EventRounds "7"]
[EventCountry "GER"]
[SourceTitle "EXT 2007"]
[Source "ChessBase"]
[SourceDate "2006.11.23"]
[SourceVersion "1"]
[SourceVersionDate "2006.11.23"]
[SourceQuality "1"]
[WhiteTeam "Halver"]
[BlackTeam "Wiehl"]
[WhiteTeamCountry "GER"]
[BlackTeamCountry "GER"]

1. e4 c5 2. Nf3 Nc6 3. Bb5 d6 4. c3 Nf6 5. d3 Qb6 6. Na3 g6 7. Qa4 Bd7 8. Nc4 Qc7 9. Bf4 Nh5 10. Be3 Bg7 11. d4 cxd4 12. cxd4 0-0 13. Rc1 a6 14. Bxc6 Bxc6 15. Qb4 a5 16. Qb6 Qd7 17. d5 Ba4 18. Bd2 Qg4 19. Qe3 Bb5 20. h3 Qd7 21. Nb6 Qd8 22. Nxa8 Qxa8 23. Nd4 Ba6 24. Bc3 Qe8 25. b3 e5 26. dxe6 fxe6 27. g3 e5 28. Ne2 Qf7 29. Rh2 a4 30. Bb4 Rd8 31. Qb6 Rd7 32. Rc8+ Bf8 33. Qe3 b6 34. Rb8 axb3 35. axb3 Rb7 36. Rd8 Qe7 37. Ra8 Bb5 38. Nc3 Bc6 39. Qd3 Kg7 40. Rc8 Bd7 41. Nd5 Qg5 42. Rxf8 Kxf8 43. Bxd6+ Kf7 44. Qc4 b5 45. Qc5 Be6 46. h4 Qg4 47. Nc3 b4 48. Qc6 Rd7 49. Bxb4 Bxb3 50. f3 Qxg3+ 51. Rf2 Qg1+ 52. Ke2 Nf4+ 0-1

[Event "Luedenscheid district-ch"]
[Site "Luedenscheid"]
[Date "2003.10.04"]
[Round "?"]
[White "Mantler, Hendrik"]
[Black "Tesche, Wolfram"]
[Result "1-0"]
[WhiteElo "1948"]
[BlackElo "1899"]
[PlyCount "163"]
[EventDate "2003.10.03"]
[EventType "swiss"]
[EventRounds "7"]
[EventCountry "GER"]
[SourceTitle "EXT 2007"]
[Source "ChessBase"]
[SourceDate "2006.11.23"]
[SourceVersion "1"]
[SourceVersionDate "2006.11.23"]
[SourceQuality "1"]

1. e4 c5 2. Nf3 Nc6 3. d4 cxd4 4. Nxd4 Nf6 5. Nc3 d6 6. Bg5 e6 7. Qd2 Be7 8. 0-0-0 a6 9. Bc4 Bd7 10. Bb3 Qa5 11. f4 b5 12. Qd3 b4 13. Nce2 Rc8 14. Rhe1 h6 15. Bxf6 gxf6 16. Qg3 Kf8 17. Qh3 Rc7 18. f5 e5 19. Nxc6 Bxc6 20. Qh5 Rh7 21. Ng3 Qc5 22. Qe2 a5 23. Qe3 Qxe3+ 24. Rxe3 Rg7 25. Bd5 Ba4 26. Rd2 Rg5 27. Rf3 Bb5 28. Nh1 Bc4 29. g3 Bb5 30. Nf2 h5 31. Nd1 Ke8 32. Ne3 Bf8 33. b3 Bh6 34. Kb2 a4 35. Bc4 a3+ 36. Kb1 Bc6 37. Bd5 Rg8 38. Rd1 Bxe3 39. Bxc6+ Rxc6 40. Rxe3 Ke7 41. Kc1 Rgc8 42. Rd2 Rc5 43. Red3 R8c6 44. Kd1 Rb5 45. Rd5 Rb8 46. Ra5 Kd7 47. Ra7+ Rc7 48. Rxc7+ Kxc7 49. Rd3 Kc6 50. c4 bxc3 51. Rxc3+ Kd7 52. Kd2 d5 53. exd5 Kd6 54. Rc6+ Kxd5 55. Rxf6 Rb7 56. Rh6 e4 57. Rxh5 Kd4 58. Rh8 e3+ 59. Kd1 Rc7 60. Re8 Rc3 61. h4 Rd3+ 62. Kc1 Rc3+ 63. Kd1 Kd3 64. h5 Rc6 65. g4 Rd6 66. g5 Rd5 67. h6 Rxf5 68. Rd8+ Ke4 69. h7 Rf1+ 70. Ke2 Rf2+ 71. Ke1 Rxa2 72. h8Q Rb2 73. Qh4+ Kf3 74. Qh3+ Kf4 75. Rd4+ Kxg5 76. Qxe3+ Kg6 77. Ra4 a2 78. Qd3+ f5 79. Ra6+ Kg5 80. Qg3+ Kh5 81. Qg6+ Kh4 82. Qf6+ 1-0

[Event "Imperia op 29th"]
[Site "Imperia"]
[Date "1987.09.10"]
[Round "5.12"]
[White "Tesche, Wolfram"]
[Black "Luciani, Carlo"]
[Result "0-1"]
[WhiteElo "2000"]
[BlackElo "2146"]
[PlyCount "150"]
[EventDate "1987.09.06"]
[EventType "swiss"]
[EventRounds "8"]
[EventCountry "ITA"]
[SourceTitle "EXT 2023"]
[Source "ChessBase"]
[SourceDate "2022.10.05"]
[SourceVersion "1"]
[SourceVersionDate "2022.10.05"]
[SourceQuality "1"]

1. c4 Nf6 2. Nc3 g6 3. e4 d6 4. Nf3 Bg7 5. g3 0-0 6. Bg2 e5 7. d4 Nbd7 8. 0-0 c6 9. h3 Qb6 10. b3 exd4 11. Na4 Qd8 12. Nxd4 Re8 13. Nc3 Nc5 14. Re1 d5 15. cxd5 cxd5 16. e5 Nfe4 17. Nxe4 Nxe4 18. Nf3 b6 19. Bb2 Bb7 20. Qd3 Rc8 21. Rad1 Qc7 22. Re2 Qb8 23. h4 Re7 24. Bh3 Rce8 25. Qb5 Nc5 26. Ree1 Ba6 27. Qb4 Nd3 28. Qd2 Nxe1 29. Rxe1 Bc8 30. Bxc8 Qxc8 31. Qxd5 Qa8 32. Qd3 f6 33. Ba3 Re6 34. Rc1 Qd8 35. Qc4 Kh8 36. Bb2 h6 37. Qe4 fxe5 38. g4 Qa8 39. Qe3 Qb7 40. Kh2 Kh7 41. h5 e4 42. Nd4 Rd6 43. hxg6+ Rxg6 44. Kh3 Qd7 45. Rg1 Rd8 46. Qxe4 Bxd4 47. Rd1 Qe6 48. Rxd4 Qxe4 49. Rxe4 Rd2 50. Bd4 Rd6 51. Be3 Rxa2 52. Kh4 Ra1 53. Re7+ Kg8 54. Rb7 Rb1 55. Rxa7 Rxb3 56. Ra6 Re6 57. Kh5 Rb1 58. g5 hxg5 59. Kxg5 Rb5+ 60. Kg4 Kf7 61. Kf4 Ke7 62. Kf3 Kd7 63. Ra8 Rb1 64. Ra7+ Kc8 65. Kf4 Kb8 66. Rd7 b5 67. Kf5 Re8 68. Rd6 Kc7 69. Bf4 Kb7 70. Be5 b4 71. f4 b3 72. Kf6 Rxe5 73. fxe5 Rf1+ 74. Ke7 b2 75. Rd7+ Kc6 0-1

[Event "Imperia op 29th"]
[Site "Imperia"]
[Date "1987.09.09"]
[Round "4.11"]
[White "Tesche, Wolfram"]
[Black "Lebel, Patrick"]
[Result "1/2-1/2"]
[WhiteElo "2000"]
[BlackElo "2200"]
[PlyCount "35"]
[EventDate "1987.09.06"]
[EventType "swiss"]
[EventRounds "8"]
[EventCountry "ITA"]
[SourceTitle "EXT 2023"]
[Source "ChessBase"]
[SourceDate "2022.10.05"]
[SourceVersion "1"]
[SourceVersionDate "2022.10.05"]
[SourceQuality "1"]

1. e4 Nf6 2. d3 c5 3. Nd2 d5 4. c3 Nc6 5. Ngf3 e6 6. Be2 Bd6 7. 0-0 b6 8. Re1 Bb7 9. Bf1 Qc7 10. g3 0-0-0 11. Qa4 h5 12. Bg2 Rdg8 13. Nf1 dxe4 14. dxe4 Ng4 15. N1d2 h4 16. Nc4 hxg3 17. Nxd6+ Qxd6 18. hxg3 1/2-1/2

[Event "Imperia op 29th"]
[Site "Imperia"]
[Date "1987.09.08"]
[Round "3.15"]
[White "Piantoni, Roberto"]
[Black "Tesche, Wolfram"]
[Result "0-1"]
[WhiteElo "2089"]
[BlackElo "2000"]
[PlyCount "80"]
[EventDate "1987.09.06"]
[EventType "swiss"]
[EventRounds "8"]
[EventCountry "ITA"]
[SourceTitle "EXT 2023"]
[Source "ChessBase"]
[SourceDate "2022.10.05"]
[SourceVersion "1"]
[SourceVersionDate "2022.10.05"]
[SourceQuality "1"]

1. d4 d6 2. e4 Nd7 3. Nc3 c6 4. Nf3 e5 5. Bc4 Be7 6. 0-0 Ngf6 7. Bb3 0-0 8. h3 h6 9. Be3 Re8 10. Re1 Qc7 11. a4 a5 12. Nd2 Nf8 13. Nc4 Ng6 14. Qf3 Bd7 15. Nb6 Qxb6 16. dxe5 Nxe5 17. Qg3 Qc7 18. f4 Nh5 19. Qf2 Ng6 20. e5 dxe5 21. fxe5 Nxe5 22. Bb6 Qd6 23. Rad1 Qf6 24. Rxe5 Qxe5 25. Bxf7+ Kh8 26. Rxd7 Rf8 27. Bd4 Qg5 28. Be3 Qe5 29. Bd4 Qg5 30. Ne4 Qc1+ 31. Kh2 Bg5 32. h4 Bf4+ 33. g3 Bb8 34. Qe2 Nxg3 35. Nxg3 Qf4 36. Qf2 Qxh4+ 37. Kg2 Qg4 38. Rxb7 Bxg3 39. Qxg3 Qxd4 40. Bb3 Rae8 0-1

[Event "Imperia op 29th"]
[Site "Imperia"]
[Date "1987.09.07"]
[Round "2.9"]
[White "Tischer, Guenter"]
[Black "Tesche, Wolfram"]
[Result "1-0"]
[WhiteElo "2200"]
[BlackElo "2000"]
[PlyCount "119"]
[EventDate "1987.09.06"]
[EventType "swiss"]
[EventRounds "8"]
[EventCountry "ITA"]
[SourceTitle "EXT 2023"]
[Source "ChessBase"]
[SourceDate "2022.10.05"]
[SourceVersion "1"]
[SourceVersionDate "2022.10.05"]
[SourceQuality "1"]

1. d4 d6 2. e4 Nd7 3. Nf3 e5 4. Bc4 c6 5. a4 Be7 6. a5 Ngf6 7. Nc3 0-0 8. 0-0 b5 9. axb6 Nxb6 10. Be2 Qc7 11. h3 h6 12. Be3 Bb7 13. Ra2 Rfe8 14. Qa1 Qb8 15. Bd3 Bd8 16. dxe5 dxe5 17. Nd2 Bc7 18. Nb3 Nc8 19. Na4 Nd7 20. Rd1 Nd6 21. Nac5 Nxc5 22. Bxc5 Bb6 23. Qc1 Qc7 24. Qe3 Rad8 25. Rda1 Nc8 26. Na5 Re6 27. Bxb6 axb6 28. Nxb7 Qxb7 29. Ba6 Qd7 30. Bxc8 Rxc8 31. Qxb6 c5 32. Qb3 c4 33. Qe3 Qb7 34. Rd1 Rb6 35. Rd5 Rxb2 36. Ra7 Qb6 37. Rdd7 Rf8 38. Rac7 Qe6 39. Qc3 Rb1+ 40. Kh2 Qf6 41. Qf3 Qe6 42. Re7 Qg6 43. Qf5 Qxf5 44. exf5 Rb4 45. Rxe5 Ra4 46. Re4 Rd8 47. Rexc4 Rxc4 48. Rxc4 Rd5 49. Rc8+ Kh7 50. g4 h5 51. Kg3 Kh6 52. Kh4 g5+ 53. fxg6 fxg6 54. Rc6 Rd4 55. Kg3 Kg7 56. f4 h4+ 57. Kxh4 Rxf4 58. Kg5 Rf3 59. h4 Kf7 60. Rc7+ 1-0